| 000 | 00446nam a22001577a 4500 | ||
|---|---|---|---|
| 005 | 20250604124502.0 | ||
| 008 | 250604b |||||||| |||| 00| 0 eng d | ||
| 020 | _a9780072380682 | ||
| 050 |
_aHD 62.4 HIL _b1 |
||
| 100 | _aHILL,W.L. Charles | ||
| 245 |
_a Selected Chapters from International business: _bcompeting in the global marketplace |
||
| 250 | _a2nd | ||
| 260 |
_aNew York _bMcGraw-Hill _c1999c |
||
| 300 | _a630p | ||
| 942 |
_2lcc _cBK _n0 |
||
| 999 |
_c6258 _d6258 |
||